Game of Thrones: House Location Quiz Stats

 Plays Quiz not verified by Sporcle

Support Sporcle.
Go Orange.
Score 0/90 Timer 12:00
0 Plays Today
% Correct
Stark
94.8%
Karstark
92.8%
Bolton
92.1%
Umber
91.9%
Mormont
90.4%
Glover
87.7%
Tully
83.6%
Manderly
83.1%
Reed
80.5%
Frey
80.1%
Arryn
77.7%
Greyjoy
74.4%
Royce
72.2%
Baelish
68.9%
Cerwyn
68.7%
Lannister
65.2%
Flint
65%
Whent
63.7%
Baratheon
63%
Blackwood
62.6%
Mallister
61.7%
Saltcliffe
61.7%
Targaryen
61.5%
Tyrell
60.8%
Clegane
60%
Westerling
59.3%
Martell
58%
Harlaw
56.5%
Mooton
56.4%
Tarly
56.2%
% Correct
Blacktyde
54.7%
Tarth
54.1%
Stokeworth
53.8%
Redwyne
53.6%
Corbray
53%
Dondarrion
52.9%
Payne
51.7%
Dayne
51.7%
Velaryon
50.8%
Selmy
50.6%
Connington
50.1%
Hightower
49%
Waynwood
48.3%
Bracken
48.1%
Smallwood
47.3%
Florent
47.3%
Darry
46.6%
Goodbrother
46.6%
Farwynd
45.3%
Bar Emmon
43.6%
Celtigar
42.7%
Marbrand
41.6%
Jordayne
41.1%
Uller
40.9%
Rosby
40.7%
Sunderland
39.8%
Vance
39.4%
Drumm
39%
Crakehall
38.7%
Estermont
38.7%
% Correct
Orkwood
38.5%
Yronwood
38.5%
Fossoway
37.4%
Coldwater
35.5%
Qorgyle
35.5%
Beesbury
35.2%
Botley
34.8%
Sunglass
34.1%
Redfort
33.9%
Oakheart
33.5%
Waxley
32%
Brax
31.9%
Sunderly
31.7%
Swann
30.4%
Dalt
30.4%
Lefford
29.8%
Banefort
29.3%
Gargalen
28.9%
Grafton
28.7%
Ashford
27.4%
Penrose
26.9%
Manwoody
25%
Rowan
24.1%
Massey
23.8%
Rykker
23.4%
Caron
21.9%
Blackmont
20.8%
Grandison
20.6%
Serrett
18.4%
Staunton
18.2%

You're not logged in!

Compare scores with friends on all Sporcle quizzes.
OR
Log In

From the Vault

Movie Concept Art

by BigAl1994

The concepts may be good, but that doesn't mean the movies are.
Remove Ads.
Support Sporcle.
Get the best of Sporcle when you Go Orange. This ad-free experience offers more features, more stats, and more fun while also helping to support Sporcle. Thank you for becoming a member.

Show Comments

Extras

Top Quizzes Today


Score Distribution

Your Account Isn't Verified!

In order to create a playlist on Sporcle, you need to verify the email address you used during registration. Go to your Sporcle Settings to finish the process.

Report this User

Report this user for behavior that violates our Community Guidelines.

Details: